000 00627nam a2200229Ia 4500
003 OSt
005 20220928130746.0
006 a|||||r|||| 00| 0
007 ta
008 220927b |||||||| |||| 00| 0 eng d
024 _a25908
037 _cTextual
040 _aSDCL
_cSDCL
_beng
041 _2eng
_aeng
082 _aG:5594:(X), N7
100 _aTietenberg Tom Ed.
_9475973
245 0 _aEconomics of global warming.
260 _aCheltenham
_bElgar Reference Collection
_c1997
300 _axxii,624p
_ccm.
942 _hG:5594:(X), N7
_cTEXL
_2CC
999 _c788426
_d788426